MARC details
| 000 -LEADER |
| fixed length control field |
02349cam a2200421 i 4500 |
| 001 - CONTROL NUMBER |
| control field |
GVRL7ZIJ |
| 003 - CONTROL NUMBER IDENTIFIER |
| control field |
MiFhGG |
| 005 - DATE AND TIME OF LATEST TRANSACTION |
| control field |
20250820004431.0 |
| 006 - FIXED-LENGTH DATA ELEMENTS--ADDITIONAL MATERIAL CHARACTERISTICS |
| fixed length control field |
m o d |
| 007 - PHYSICAL DESCRIPTION FIXED FIELD--GENERAL INFORMATION |
| fixed length control field |
cr un ---uuuua |
| 008 - FIXED-LENGTH DATA ELEMENTS--GENERAL INFORMATION |
| fixed length control field |
171101t20192019maua ob 001 0 eng d |
| 020 ## - INTERNATIONAL STANDARD BOOK NUMBER |
| International Standard Book Number |
9780128119068 |
| Qualifying information |
(electronic book) |
| 020 ## - INTERNATIONAL STANDARD BOOK NUMBER |
| Canceled/invalid ISBN |
9780128119051 |
| 035 ## - SYSTEM CONTROL NUMBER |
| System control number |
(OCoLC)1030816255 |
| 040 ## - CATALOGING SOURCE |
| Original cataloging agency |
MiFhGG |
| Language of cataloging |
eng |
| Transcribing agency |
MiFhGG |
| Description conventions |
rda |
| -- |
pn |
| 050 #4 - LIBRARY OF CONGRESS CALL NUMBER |
| Classification number |
QA76.9.A73 |
| Item number |
H46 2019 |
| 100 1# - MAIN ENTRY--PERSONAL NAME |
| Personal name |
Hennessy, John L., |
| Relator term |
author. |
| 245 10 - TITLE STATEMENT |
| Title |
Computer architecture : |
| Remainder of title |
a quantitative approach / |
| Statement of responsibility, etc. |
John L. Hennessy, Stanford University, David A. Patterson, University of California, Berkeley. |
| 250 ## - EDITION STATEMENT |
| Edition statement |
Sixth edition. |
| 264 #1 - PRODUCTION, PUBLICATION, DISTRIBUTION, MANUFACTURE, AND COPYRIGHT NOTICE |
| Place of production, publication, distribution, manufacture |
Cambridge, Massachusetts : |
| Name of producer, publisher, distributor, manufacturer |
Elsevier, |
| Date of production, publication, distribution, manufacture, or copyright notice |
[2019] |
| 264 #4 - PRODUCTION, PUBLICATION, DISTRIBUTION, MANUFACTURE, AND COPYRIGHT NOTICE |
| Date of production, publication, distribution, manufacture, or copyright notice |
�2019 |
| 300 ## - PHYSICAL DESCRIPTION |
| Extent |
1 online resource (1 volume (various pagings)) : |
| Other physical details |
illustrations (some color) |
| 336 ## - CONTENT TYPE |
| Content type term |
text |
| Content type code |
txt |
| Source |
rdacontent |
| 337 ## - MEDIA TYPE |
| Media type term |
computer |
| Media type code |
c |
| Source |
rdamedia |
| 338 ## - CARRIER TYPE |
| Carrier type term |
online resource |
| Carrier type code |
cr |
| Source |
rdacarrier |
| 490 0# - SERIES STATEMENT |
| Series statement |
Gale eBooks |
| 504 ## - BIBLIOGRAPHY, ETC. NOTE |
| Bibliography, etc. note |
Includes bibliographical references and index. |
| 505 0# - FORMATTED CONTENTS NOTE |
| Formatted contents note |
ch. 1. Fundamental of quantitative design and analysis -- ch. 2. Memory hierarchy design -- ch. 3. Instruction-level parallelism and its exploitation -- ch. 4. Data-level parallelism in vector, SIMD, and GPU architecture -- ch. 5. Thread-level parallelism -- ch. 6. Warehouse-scale computers to exploit request-level and data-level parallelism -- ch. 7. Domain-specific architectures. |
| 520 ## - SUMMARY, ETC. |
| Summary, etc. |
This book presents the latest developments in processor and system architecture, featuring examples from the RISC-V (RISC Five) instruction set architecture, a modern RISC instruction set developed and designed to be a free and openly adoptable standard. It also covers domain-specific architectures and warehouse-scale computing that features the first public information on Google's newest WSC. |
| 588 ## - SOURCE OF DESCRIPTION NOTE |
| Source of description note |
Description based on print version record. |
| 650 #0 - SUBJECT ADDED ENTRY--TOPICAL TERM |
| Topical term or geographic name entry element |
Computer architecture. |
| 700 1# - ADDED ENTRY--PERSONAL NAME |
| Personal name |
Patterson, David A., |
| Relator term |
author. |
| 710 2# - ADDED ENTRY--CORPORATE NAME |
| Corporate name or jurisdiction name as entry element |
Gale (Firm) |
| 776 08 - ADDITIONAL PHYSICAL FORM ENTRY |
| Relationship information |
Print version: |
| Title |
Computer architecture. |
| Place, publisher, and date of publication |
Cambridge, MA : Elsevier, [2019] |
| International Standard Book Number |
9780128119051 |
| Record control number |
(DLC) 2017959491 |
| 856 40 - ELECTRONIC LOCATION AND ACCESS |
| Uniform Resource Identifier |
<a href="https://link.gale.com/apps/pub/7ZIJ/GVRL?sid=gale_marc&u=phurs">https://link.gale.com/apps/pub/7ZIJ/GVRL?sid=gale_marc&u=phurs</a> |
| Public note |
Available via Gale eBooks. Click here to access |
| 912 ## - |
| -- |
7ZIJ |
| 942 ## - ADDED ENTRY ELEMENTS (KOHA) |
| Source of classification or shelving scheme |
Library of Congress Classification |
| Koha item type |
E-Book |